Termes utilisés au football - Mort Subite#1 - Statistiques

Statistiques générales
  • Ce quiz a été pris 517 fois
    487 depuis la dernière actualisation
  • Le résultat moyen est 6 sur 8
Answers on the Grid
Answers color-coded by a green-red scale on the quiz's grid according to % correct below.
Derby
Biscotte
Ball clip
Tifo
Virgule
Bâche
VAR
Chabala
Débreak
Demi
Bicyclette
Mêlée
Corner
Par
Talonnade
Tee
 
Statistiques - réponses
Réponse % Correct
Derby
95%
VAR
92%
Virgule
89%
Tifo
88%
Corner
81%
Talonnade
77%
Bicyclette
76%
Biscotte
37%
Aucun quiz correspondant
Distribution des résultats
% des personnes avec chaque résultat
Percentile par nombre de réponses
Votre historique - résultats
Vous n’avez pas pris ce quiz depuis la dernière actualisation